12周体内革命 糖尿病可以复原! (Record no. 68556)

000 -LEADER
fixed length control field 00563nam a22001937a 4500
003 - CONTROL NUMBER IDENTIFIER
control field MPLRDC
005 - DATE AND TIME OF LATEST TRANSACTION
control field 20220105061101.0
008 - FIXED-LENGTH DATA ELEMENTS--GENERAL INFORMATION
fixed length control field 210129b ||||| |||| 00| 0 eng d
020 ## - INTERNATIONAL STANDARD BOOK NUMBER
International Standard Book Number 978-986-342-569-4
082 ## - DEWEY DECIMAL CLASSIFICATION NUMBER
Classification number 415.85 JLC
100 ## - MAIN ENTRY--PERSONAL NAME
Personal name 金良城 GEORGE KING、罗伊斯·弗立平 ROYCE FLIPPIN
245 ## - TITLE STATEMENT
Title 12周体内革命 糖尿病可以复原!
Statement of responsibility, etc. 游卉庭 译
250 ## - EDITION STATEMENT
Edition statement 初版
260 ## - PUBLICATION, DISTRIBUTION, ETC.
Place of publication, distribution, etc. 台湾
Name of publisher, distributor, etc. 三采文化股份有限公司
Date of publication, distribution, etc. 2016
300 ## - PHYSICAL DESCRIPTION
Other physical details
520 ## - SUMMARY, ETC.
Summary, etc. 上架 2017-02-16
650 ## - SUBJECT ADDED ENTRY--TOPICAL TERM
Topical term or geographic name entry element 糖尿症
942 ## - ADDED ENTRY ELEMENTS (KOHA)
Koha item type Book
-- 415.85 JLC

No items available.

© 2022. Malaysian Public Library, Research and Development Centre. All Right ReservedE-mailmplrdc@help.edu.my 

Powered by Koha